Spanish Copa del Rey Finals - Statistics

General Stats
  • This quiz has been taken 289 times
  • The average score is 21 of 33
Answer Stats
Titles Champion % Correct
31 Barcelona
100%
20 Real Madrid
100%
24 Athletic Bilbao
98%
8 Valencia
98%
10 Atlético de Madrid
97%
5 Sevilla
97%
3 Real Betis
96%
3 Real Sociedad
96%
1 Deportivo de La Coruña
93%
4 Espanyol
87%
1 Mallorca
86%
0 Osasuna
82%
0 Celta de Vigo
81%
0 Getafe
79%
6 Zaragoza
78%
0 Alavés
77%
0 Las Palmas
73%
0 Granada
64%
0 Valladolid
64%
0 Elche
55%
0 Sporting de Gijón
52%
0 Recreativo de Huelva
46%
4 Real Unión de Irún
43%
1 Arenas de Getxo
35%
0 Real Madrid Castilla
35%
0 Sabadell
30%
0 Castellón
29%
0 Europa
29%
0 Español de Madrid
13%
0 Racing de Ferrol
13%
0 España
10%
0 Gimnástica de Madrid
9%
0 Bizcaya
8%
No matching quizzes found
Score Distribution
Percent of People with Each Score
Percentile by Number Answered
Your Score History
You have not taken this quiz